000 00315nam a2200133Ia 4500
008 191201s2007 xx 000 0 und d
100 _aGOEL, B S
245 0 _aNumerical Analysis
250 _a18th
260 _aN.Delhi
_bPragati Prakashan Meerut
_c2007
300 _a518
650 _aB.Tech(IT)
942 _2ddc
_cBK
999 _c2839
_d2839